00828 2200301 4500001002100000008004100021035002000062245003500082100002000117250000600137260003600143300001300179020002200192084001400214520015700228082000800385650001300393990001200406990001200418990001200430990001200442990001200454990001200466990001200478990001200490990001200502990001200514INLIS000000000000019 ind  a0010-0324000019 aMemahami HamkacHaidar Musyafa aMusyafa, Haidar a1 aTangerang SelatanbImaniac2019 a576 hlm. a978-602-7926-50-6 a900 HAI m aHamka adalah pribadi yang sangat luas, baik jiwa maupun pemikirannya. Maka itu, melihat Hamka hanya dari satu sisi seringkali melahirkan salah persepsi. a900 aBiografi a0744831 a0744832 a0744833 a0744834 a0744835 a0744836 a0744837 a0744838 a0744839 a0744840